00666nam a2200181Ia 4500008004100000040001800041041000800059100003200067245006200099260004000161300005500201490003900256500003200295650004400327650002300371650004100394650004900435130821s1966 enkaob gr eng  aCo-BoUCMbspa00aeng1 aDaniell, David Scottd1906-10aWorld War II an illustrated historycDavid Scott-Daniell aLondres (Inglaterra)bE. Bennc1966 a127 páginasbilustraciones, mapas, fotografías 0aBenn's Twentieth-Century Histories aDonación UCM-C-ARRAYANES. aGuerra Mundial II, 1939 -1945xHistoria aHistoria de Europa aHistoria modernaxHistoriaySiglo XX aPolítica internacionalxHistoriaySiglo XX